Statistiche per Stati degli Stati Uniti per altitudine media

Clicka qui per fare il quiz!

Statistiche generali

  • Questo quiz è stato fatto 10 volte
  • Il punteggio medio è 8 su 10

Statistiche sulle risposte

Altitudine media (m)Stato federale% Corretto
1 040Montana
100%
1 520Idaho
86%
1 740Nuovo Messico
86%
1 860Utah
86%
1 250Arizona
71%
2 070Colorado
71%
920Hawaii
71%
1 010Oregon
71%
2 040Wyoming
71%
1 680Nevada
57%

Distribuzione punteggi

Percentile per numero di risposta

Percentuale di utenti per punteggio

I tuoi punteggi nel tempo

Non hai fatto questo quiz